| 000 | 00755nam a2200205 a 4500 | ||
|---|---|---|---|
| 008 | 100329s2003 ||||||||||||||||| || u | ||
| 020 | _a0072469765 | ||
| 050 | _aHG 4026 Ros | ||
| 100 | _aRoss, Stephen A | ||
| 245 | 1 | 0 | _aStudent problem manual for use with fundamentals of corporate finance. -- 6th ed. |
| 250 | _a6th ed. | ||
| 260 |
_aBoston: _bMcGraw-Hill _c2003 |
||
| 300 | _aiii, 314p.: ill. | ||
| 350 | _a0.00 | ||
| 650 | 0 | _aMANAGEMENT | |
| 650 | _aCORPORATIONS--FINANCE--PROBLEMS, EXERCISES, ETC | ||
| 700 | _aJordan, Bradford D | ||
| 700 | _aWesterfield, Randolph W | ||
| 995 |
_D0.00 _FCBU-MAIN LIBRARY (Kitwe) _H1 _I0.00 _M1 _UAVAILABLE _WApr 13, 2010 _ZAnnex Low-Usage Collection |
||
| 999 |
_c58749 _d58749 |
||